000 01528cam a2200397 a 4500
003 CHAP
005 20220329142136.0
008 991217d1991 mx r 00010 spa d
010 _a79107
011 _a80079
020 _a9688408883
035 _a90521
040 _cCHAP
082 0 4 _a331.02672
_bL3
100 0 0 _aLarrañaga, Eduardo.
_964952
245 1 3 _aEl derecho laboral en México, realidad y encubrimineto
_c/por Eduardo Larrañaga {y otros}
260 _aMéxico, D. F. :
_bUniversidad Autónoma Metropolitana. Unidad Azcapotzalco. División de Ciencias Sociales y Humanidades,
_c1991.
300 _a125 p.
410 _aUAM. Unidad Azcapotzalco.
_bDivisión de Ciencias Sociales y Humanidades
490 0 _aSerie derecho
590 _aBATCH-UPD
_b10
_c20130110
_lUCH01
_h0556
590 _aBATCH-UPD
_b10
_c20130410
_lUCH01
_h0238
590 _aBATCH-UPD
_b10
_c20130914
_lUCH01
_h1028
590 _aCONVERSION
_b10
_c20130109
_lUCH01
_h1344
650 1 4 _aDerecho laboral
_xMéxico.
_931893
650 1 4 _aTrabajo y trabajadores
_zMéxico.
_9114553
700 0 _aConesa, Ana María.
_926386
700 0 _aReyna, Manuel.
_997063
700 0 _aTaibo II, Francisco Ignacio.
_9111360
810 _aUAM. Unidad Azcapotzalco.
_bDivisión de Ciencias Sociales y Humanidades
_9115979
830 0 0 _aSerie derecho
_9104792
901 _aBK
942 _cLIBRO
949 _a331.02672 L3
_bBC
_cLIBRO
_d33724000732657
_eLIBRO
_fc.2
_h96652
_i90521
_sb
949 _a331.02672 L3
_bBC
_cLIBRO
_d33724000732673
_eLIBRO
_h96651
_i90521
_si
999 _c79107
_d79107